Nba Teams Quiz - Statistics

General Stats
  • This quiz has been taken 22 times
  • The average score is 29 of 30
Answer Stats
Answer % Correct
Boston Celtics
100%
Charlotte Hornets
100%
Chicago Bulls
100%
Golden State Warriors
100%
Los Angeles Clippers
100%
Los Angeles Lakers
100%
Miami Heat
100%
New York Knicks
100%
Orlando Magic
100%
Phoenix Suns
100%
Atlanta Hawks
95%
Brooklyn Nets
95%
Cleveland Cavaliers
95%
Dallas Mavericks
95%
Denver Nuggets
95%
Detroit Pistons
95%
Houston Rockets
95%
Indiana Pacers
95%
Milwaukee Bucks
95%
Minnesota Timberwolves
95%
Oklahoma City Thunder
95%
Portland Trail Blazers
95%
San Antonio Spurs
95%
Washington Wizards
95%
Philadelphia 76ers
90%
Toronto Raptors
90%
Utah Jazz
90%
Memphis Grizzlies
85%
New Orleans Pelicans
85%
Sacramento Kings
85%
No matching quizzes found
Score Distribution
Percent of People with Each Score
Percentile by Number Answered
Your Score History
You have not taken this quiz